| 000 | 00749nam a2200241Ia 4500 | ||
|---|---|---|---|
| 003 | OSt | ||
| 005 | 20220927105901.0 | ||
| 006 | a|||||r|||| 00| 0 | ||
| 007 | ta | ||
| 008 | 220926b |||||||| |||| 00| 0 eng d | ||
| 024 | _a40448 | ||
| 037 | _cReference Collections | ||
| 040 |
_aRTL _cRTL _beng |
||
| 041 |
_2eng _aeng |
||
| 082 | _a"X:77:(B)p1,N70, L1" | ||
| 111 |
_aConference on Contributions to the Von Neumann Growth Model (1970 : Vienna) _9375547 |
||
| 245 | 0 | _aProceedings edited by G. Bruckmann and W. Weber | |
| 260 |
_aNew _bYork Springer Verlag U. S. A. _c1971 |
||
| 300 |
_a"xv, 216p." _ccm. |
||
| 650 | _aEconomic Development | ||
| 942 |
_h"X:77:(B)p1,N70, L1" _cCC |
||
| 999 |
_c695067 _d695067 |
||